Подробности
| 000 -МАРКЕР |
| контрольное поле |
02557nam0a2200385 4500 |
| 001 - ИДЕНТИФИКАТОР ЗАПИСИ |
| контрольное поле |
RU\NLR\bibl\1770325 |
| 005 - ИДЕНТИФИКАТОР ВЕРСИИ |
| контрольное поле |
20260407074647.0 |
| 010 ## - МЕЖДУНАРОДНЫЙ СТАНДАРТНЫЙ НОМЕР КНИГИ (ISBN) |
| Номер (ISBN) |
978-5-02-032216-5 |
| Тираж |
426 |
| 021 ## - НОМЕР ГОСУДАРСТВЕННОЙ РЕГИСТРАЦИИ |
| Код страны |
Российская Федерация |
| Номер |
2011-31076 |
| Номер Листа государственной регистраци |
2209 |
| 035 ## - ДРУГИЕ СИСТЕМНЫЕ НОМЕРА |
| Идентификатор записи |
(NLR Aleph) 001761108 |
| 100 ## - ДАННЫЕ ОБЩЕЙ ОБРАБОТКИ |
| Данные общей обработки |
20110518d2010 |||y0rusy50 ca |
| 101 0# - ЯЗЫК РЕСУРСА |
| Язык текста, звукозаписи и т.д. |
русский |
| -- |
шорский |
| Язык резюме |
английский |
| 102 ## - СТРАНА ПУБЛИКАЦИИ ИЛИ ПРОИЗВОДСТВА |
| Страна публикации |
Российская Федерация |
| 105 ## - ПОЛЕ КОДИРОВАННЫХ ДАННЫХ: ТЕКСТОВЫЕ МАТЕРИАЛЫ, МОНОГРАФИЧЕСКИЕ |
| Кодированные данные о монографическом текстовом документе |
a ||||||||| |
| 200 1# - ЗАГЛАВИЕ И СВЕДЕНИЯ ОБ ОТВЕТСТВЕННОСТИ |
| Основное заглавие |
Фольклор шорцев |
| Сведения, относящиеся к заглавию |
в записях 1911, 1925-1930, 1959-1960, 1974, 1990-2007 годов |
| -- |
[+ компакт-диск |
| Первые сведения об ответственности |
Рос. акад. наук, Сиб. отд-ние, Ин-т филологии |
| Последующие сведения об ответственности |
сост., подгот. текстов и пер., вступ. ст., коммент., примеч., указ. Л.Н. Арбачаковой |
| -- |
отв. ред.: д.филол.н., лауреат Гос. премии РФ в обл. науки и техники Е.Н. Кузьмина |
| -- |
текстол. ст. Л.Н. Арбачаковой, С.П. Рожновой |
| -- |
музыковед. ст. и нот. записи Г.Б. Сыченко] |
| 210 ## - ПУБЛИКАЦИЯ, РАСПРОСТРАНЕНИЕ И ДР. |
| Место издания, распространения и т.д. |
Новосибирск |
| Имя издателя, распространителя и т. д. |
Наука |
| Дата издания, распространения и т.д. |
2010 |
| 215 ## - ФИЗИЧЕСКАЯ ХАРАКТЕРИСТИКА |
| Специфическое обозначение материала и объем |
599, [8] с., [4] л. цв. ил. |
| Другие сведения о физической характеристике |
ил., нот. |
| Размеры |
22 |
| 225 1# - СЕРИЯ |
| Основное заглавие серии |
Памятники фольклора народов Сибири и Дальнего Востока |
| Сведения об ответственности |
основана чл.-корр. Рос. акад. наук А.Б. Соктоевым |
| -- |
редкол.: ... А.П. Деревянко (гл. ред.) [и др.] |
| Обозначение тома |
т. 29 |
| 300 ## - ОБЩИЕ ПРИМЕЧАНИЯ |
| Текст примечания |
Загл. и текст парал. на рус. и шор. яз. |
| 300 ## - ОБЩИЕ ПРИМЕЧАНИЯ |
| Текст примечания |
Рез. на агл. яз. |
| 316 ## - ПРИМЕЧАНИЯ ОБ ОСОБЕННОСТЯХ ЭКЗЕМПЛЯРА |
| Текст примечания |
Компакт-диск отсутствует |
| Организация и экземпляр, к которому относится поле |
NLR |
| 320 ## - ПРИМЕЧАНИЯ О НАЛИЧИИ В ДОКУМЕНТЕ БИБЛИОГРАФИИ / УКАЗАТЕЛЯ |
| Текст примечания |
Библиогр.: с. 586-591 (103 назв.) |
| 320 ## - ПРИМЕЧАНИЯ О НАЛИЧИИ В ДОКУМЕНТЕ БИБЛИОГРАФИИ / УКАЗАТЕЛЯ |
| Текст примечания |
Указатели: имен персонажей, топонимов, исполн., собирателей текстов, мест записи текстов: с. 579-585 |
| 606 1# - НАИМЕНОВАНИЕ ТЕМЫ КАК ПРЕДМЕТ |
| Наименование темы |
Шорский фольклор |
| Системный номер авторитетной/нормативной записи |
1361123 |
| Идентификатор авторитетной/нормативной записи |
RU\NLR\auth\66255051 |
| 686 ## - ИНДЕКСЫ ДРУГИХ КЛАССИФИКАЦИЙ |
| Индекс |
Ш3(251.7=Ш)-6я43 |
| 702 #1 - ИМЯ ЛИЦА - ВТОРИЧНАЯ ОТВЕТСТВЕННОСТЬ |
| Код отношения |
Составитель |
| Материалы, к которым относится поле |
rus |
| Графика поля |
Кириллица |
| Начальный элемент ввода |
Арбачакова |
| Часть имени, кроме начального элемента ввода |
Л. Н. |
| Даты |
1963- |
| Расширение инициалов личного имени |
Любовь Никитовна |
| Идентификатор авторитетной/нормативной записи |
RU\NLR\auth\7771208 |
| Системный номер авторитетной/нормативной записи |
54136 |
| 702 #1 - ИМЯ ЛИЦА - ВТОРИЧНАЯ ОТВЕТСТВЕННОСТЬ |
| Код отношения |
Редактор |
| Материалы, к которым относится поле |
rus |
| Графика поля |
Кириллица |
| Начальный элемент ввода |
Кузьмина |
| Часть имени, кроме начального элемента ввода |
Е. Н. |
| Дополнения к именам, кроме дат |
филолог |
| Расширение инициалов личного имени |
Евгения Николаевна |
| Идентификатор авторитетной/нормативной записи |
RU\NLR\auth\7766105 |
| Системный номер авторитетной/нормативной записи |
49034 |
| 712 02 - НАИМЕНОВАНИЕ ОРГАНИЗАЦИИ - ВТОРИЧНАЯ ОТВЕТСТВЕННОСТЬ |
| Код отношения |
Прочие |
| Начальный элемент ввода |
Институт филологии |
| Идентифицирующий признак |
Новосибирск |
| Идентификатор авторитетной/нормативной записи |
RU\NLR\AUTH\883552 |
| Системный номер авторитетной/нормативной записи |
278403 |
| 801 #0 - ИСТОЧНИК ЗАПИСИ |
| Страна |
Российская Федерация |
| Организация |
NLR |
| Дата составления |
20110518 |
| Правила каталогизации |
RCR |
| 801 #1 - ИСТОЧНИК ЗАПИСИ |
| Страна |
Российская Федерация |
| Организация |
NLR |
| Дата составления |
20110518 |
| 852 ## - МЕСТОНАХОЖДЕНИЕ И ШИФР ХРАНЕНИЯ |
| Идентификатор организации |
NLR |
| Наименование фонда или коллекции (Sub-Location Identifier) |
ОНЛ |
| Шифр хранения (Call Number) |
Шор./3-98 |
| 942 ## - ДОПОЛНИТЕЛЬНЫЕ ЭЛЕМЕНТЫ ЗАПИСИ (АБИС) |
| Тип экземпляра АБИС |
Книга |
| 980 ## - КОЛЛЕКЦИЯ |
| Название коллекции |
Национальная библиография |